000 00272nam a2200121Ia 4500
008 170620s9999 xx 000 0 und d
100 _aBARTHWAL-R.R
245 0 _aINDUSTRIAL ECONOMICS
260 _bNEW AGE
260 _c2004
300 _a544
546 _aEnglish
690 _aINDUSTRIAL ECONOMICS
999 _c30601
_d30601